<The> Reality of management

Gespeichert in:
Bibliographische Detailangaben
1. Verfasser: Stewart, Rosemary
Format: Buch
Sprache:Englisch
Veröffentlicht: Oxford Butterworth-Heinemann 1997
Ausgabe:3. ed.
Schriftenreihe:Management
Schlagworte:
Tags: Tag hinzufügen
Keine Tags, Fügen Sie das erste Tag hinzu!

MARC

LEADER 00000nam a2200000 4500
001 c132760
005 20221124074911.8
020 |a 0-7506-4289-0 
041 0 |a eng 
044 |a GB 
245 1 0 |a <The> Reality of management  |c Rosemary Stewart 
250 |a 3. ed. 
264 1 |a Oxford  |b Butterworth-Heinemann  |c 1997 
300 |a 208 s. 
490 1 |a Management 
830 0 |a Management 
610 2 0 |a manažment 
610 2 0 |a manažéri 
610 2 0 |a miesta pracovné 
610 2 0 |a rozhodovanie 
610 2 0 |a komunikácia 
610 2 0 |a kooperácia 
610 2 0 |a pracovníci riadiaci 
610 2 0 |a pracovníci vedúci 
610 2 0 |a byrokracia 
610 2 0 |a organizácia 
610 2 0 |a politika 
610 2 0 |a kariéra 
100 1 |a Stewart, Rosemary